Les vainqueurs de la Coupe du Monde de football - Statistiques

Statistiques générales
  • Ce quiz a été pris 180 fois
  • Le résultat moyen est 16 sur 21
Statistiques - réponses
Année Equipe championne % Correct
1930 Uruguay
95%
1998 France
89%
2002 Brésil
83%
2018 France
82%
2006 Italie
82%
2014 Allemagne
81%
2010 Espagne
80%
1934 Italie
80%
1994 Brésil
78%
1958 Brésil
76%
1970 Brésil
74%
1962 Brésil
73%
1950 Uruguay
72%
1986 Argentine
71%
1990 Allemagne
70%
1966 Angleterre
70%
1938 Italie
70%
1982 Italie
69%
1954 Allemagne
66%
1974 Allemagne
65%
1978 Argentine
63%
Aucun quiz correspondant
Distribution des résultats
% des personnes avec chaque résultat
Percentile par nombre de réponses
Votre historique - résultats
Vous n’avez pas pris ce quiz